| 000 | 00956nam a2200277 a 4500 | ||
|---|---|---|---|
| 001 | BRL_1079 | ||
| 005 | 20190320211026.0 | ||
| 008 | 081113s2001----mx-ao#####---#000-0#spa-# | ||
| 020 | _a9686254536 | ||
| 041 | _aspa | ||
| 044 | _amx | ||
| 050 | 4 |
_aNK4340.P8 _b.P56 2001 |
|
| 100 | 1 |
_aPinto, Carlos _925755 |
|
| 245 | 1 | 0 |
_aDiseño gráfico en cerámica prehispánica cholulteca _cCarlos Pinto ; con textos de Patricia Plunket ; fotografías John O´Leary |
| 260 |
_aCholula, Pue. _bUniversidad de las Américas Puebla : CONACULTA : FONCA : INAH _c2001 |
||
| 300 |
_a106 p. _bil. (algunas a color) _c31 cm. |
||
| 440 | 0 |
_aTestimonios, ritos y tradiciones _925756 |
|
| 500 | _aAu1215 | ||
| 504 | _aBibliografía: p. 103-105 | ||
| 650 | 1 | 4 |
_aCerámica _zCholula (Puebla) _925757 |
| 650 | 1 | 4 |
_aCerámica mexicana _zCholula (Puebla) _925758 |
| 700 | 1 |
_aPlunket, Patricia _925759 |
|
| 700 | 1 |
_aO´Leary, John _eil. _915199 |
|
| 902 | _aGRL | ||
| 942 |
_2lcc _cB |
||
| 999 |
_c9891 _d9891 |
||